<?xml version="1.0" encoding="UTF-8"?>
<record
    xmlns:xsi="http://www.w3.org/2001/XMLSchema-instance"
    xsi:schemaLocation="http://www.loc.gov/MARC21/slim http://www.loc.gov/standards/marcxml/schema/MARC21slim.xsd"
    xmlns="http://www.loc.gov/MARC21/slim">

  <leader>00976    a2200193   4500</leader>
  <controlfield tag="003">Nust</controlfield>
  <controlfield tag="005">20230214094539.0</controlfield>
  <datafield tag="010" ind1=" " ind2=" ">
    <subfield code="a">54011547</subfield>
  </datafield>
  <datafield tag="040" ind1=" " ind2=" ">
    <subfield code="c">Nust</subfield>
  </datafield>
  <datafield tag="082" ind1=" " ind2=" ">
    <subfield code="a">158,PEA</subfield>
  </datafield>
  <datafield tag="100" ind1=" " ind2=" ">
    <subfield code="a">Peale, Norman Vincent,</subfield>
    <subfield code="9">98914</subfield>
  </datafield>
  <datafield tag="245" ind1=" " ind2=" ">
    <subfield code="a">The power of positive thinking for young people /</subfield>
    <subfield code="c">Norman Vincent Peale,</subfield>
  </datafield>
  <datafield tag="260" ind1=" " ind2=" ">
    <subfield code="a">Prentice-Hall</subfield>
    <subfield code="b">New York,</subfield>
    <subfield code="c">1955</subfield>
  </datafield>
  <datafield tag="300" ind1=" " ind2=" ">
    <subfield code="a">vii,217 p.:</subfield>
    <subfield code="b">illus</subfield>
    <subfield code="c">21 cm</subfield>
  </datafield>
  <datafield tag="505" ind1=" " ind2=" ">
    <subfield code="a">Trust yourself (Page-1), Power Comes from a quiet Mind (Page-8), How to Pray (Page-34), You Make your own Happiness (Page-46), Stop Fuming and Fretting (Page-62), You Get What you Expect (Page-81), Be Winner (Page-100), Why Worry (Page-118), Ten Ways to solve your Problems (Page-129), What to do in Slump (Page-142), You are  what you think (Page-154), Easy Does it (Page-169), You Like People People Like you (Page-185), Why not use that Higher Powers (Page-205).</subfield>
  </datafield>
  <datafield tag="600" ind1=" " ind2=" ">
    <subfield code="a">Peale, Norman Vincent,</subfield>
    <subfield code="9">98914</subfield>
  </datafield>
  <datafield tag="650" ind1=" " ind2=" ">
    <subfield code="a">Psychology</subfield>
  </datafield>
  <datafield tag="942" ind1=" " ind2=" ">
    <subfield code="2">ddc</subfield>
    <subfield code="c">BK</subfield>
  </datafield>
  <datafield tag="999" ind1=" " ind2=" ">
    <subfield code="c">188510</subfield>
    <subfield code="d">188510</subfield>
  </datafield>
  <datafield tag="952" ind1=" " ind2=" ">
    <subfield code="0">0</subfield>
    <subfield code="1">0</subfield>
    <subfield code="2">ddc</subfield>
    <subfield code="4">0</subfield>
    <subfield code="7">0</subfield>
    <subfield code="a">MCS</subfield>
    <subfield code="b">MCS</subfield>
    <subfield code="c">GEN</subfield>
    <subfield code="d">2016-12-12</subfield>
    <subfield code="l">1</subfield>
    <subfield code="o">158,PEA</subfield>
    <subfield code="p">MCS29581</subfield>
    <subfield code="r">2023-02-14</subfield>
    <subfield code="s">2022-12-13</subfield>
    <subfield code="w">2016-12-12</subfield>
    <subfield code="y">BK</subfield>
    <subfield code="z">Almirah No.46 Shelf No.5</subfield>
  </datafield>
</record>
